Účtovanie reklamácií - dodávateľsko-odberateľské vzťahy

Uplatňovanie, vybavovanie a účtovanie reklamácií je náročný proces, na ktorý sa nedajú stanoviť jednoznačné pravidlá a kritériá. Potrebné je vychádzať z príslušných právnych predpisov a zo zmlúv uzatvorených v rámci dodávateľsko-odberateľských vzťahov. Článok ukazuje, akým spôsobom je možné reklamác...

Descrizione completa

Salvato in:
Dettagli Bibliografici
Autore principale: Hudecová, Ivana
Natura: Capitolo di libro
Lingua:slovacco
Soggetti:
Tags: Aggiungi Tag
Nessun Tag, puoi essere il primo ad aggiungerne!!

MARC

LEADER 00000naa$a2200000$$$4500
001 0115200
005 20231120083555.0
041 0 |a slo 
044 |a SK 
245 1 0 |a Účtovanie reklamácií - dodávateľsko-odberateľské vzťahy  |c Ivana Hudecová 
520 |a Uplatňovanie, vybavovanie a účtovanie reklamácií je náročný proces, na ktorý sa nedajú stanoviť jednoznačné pravidlá a kritériá. Potrebné je vychádzať z príslušných právnych predpisov a zo zmlúv uzatvorených v rámci dodávateľsko-odberateľských vzťahov. Článok ukazuje, akým spôsobom je možné reklamácie riešiť a účtovať. 
610 2 0 |a reklamácie 
610 2 0 |a účtovanie 
100 1 |a Hudecová, Ivana